000 00434nam a2200169 4500
001 135947
003 ES-MaACL
005 20230906195009.0
007 t|
008 070214s1919 fr r ||||1| fre d
100 1 _aRoustan, D.
_9100088
245 1 0 _aLeçons de philosophie /
_cD. Roustan.
260 _aParis :
_bLevé,
_c1919.
300 _a22 cm ;
_c14 cm.
505 8 _aContiene: I. Psychologie
852 _aES-MaACL
_jB-13199
999 _c135947
_d135947